000 00555nam a22002051 4500
001 bimo0001485549
003 OSt
005 20140224110538.0
008 990701s1955 esp spa
040 _aSpMaBN
_bspa
_cBMC
082 _a200.1
100 1 _aTodolí Duque, José
_d1915-1999
245 1 0 _aFilosofía de la religión
_cJosé Todolí
260 0 _aMadrid
_bGredos
_c1955
300 _a570 p.
_c21 cm
500 _aÍndice p. [555]-561
504 _aBibliografía p. [525]-552
650 2 4 _aReligión y filosofía
_91387
942 _2ddc
_cBK
999 _c4990
_d4990